000 00899nam a2200241 a 4500
001 000025990
005 20250924073802.0
008 110225s1992 dr 000 0 spa d
040 _aDO-SdBNP
_bspa
_cBNPHU
082 _a923.57293
_bM378c
100 1 _aMartí, José,
_d1853-1895
_9645
245 1 0 _aCorrespondencia con el General Máximo Gómez /
_cJosé Marti.
260 _aSanto Domingo :
_bUASD,
_c1992.
300 _a146 p. :
_bretr. ;
_c21 cm.
490 1 _aPublicaciones de la Universidad Autónoma de Santo Domingo
600 1 0 _aMartí, José,
_d1853-1895
_9645
600 1 0 _aGómez, Máximo,
_d1836-1905
_912249
651 4 _aCuba
_xHistoria
_y1895
_920790
650 4 _aRevolucionarios
_xCorrespondencia, memorias, etc.
_zCuba
_952890
710 1 _aUniversidad Autónoma de Santo Domingo
_972951
830 _aPublicaciones de la Universidad Autónoma de Santo Domingo
_952
049 _aBNPD
999 _c25482
_d25482